000
00318 a2200109 4500
001
ART_9483
005
20260410161846.0
008
260409a
245
1
0
_a
El precio de la ortodoxia
100
1
_a
Lagos, Ricardo
773
0
_t
El trimestre económico
_g
- Vol. LII, Nº 205 (ene./mar. 1985)
_w
REV6933
999
_c
24590
_d
24590